• 首页
  • 本馆介绍
  • 公告通知
  • 最新文献
  • 馆藏检索
  • 电子资源
  • 读者导购
  • 参考咨询
  • 我的图书馆
  • 登录
  • 详细信息显示
  • 放入我的书架
  • 预约/预借图书
  • 作者相关作品
  • 分类相关作品
  • 丛书相关作品
  • 出版社相关作品

书目信息

  • 表格格式
  • 工作单格式
  • 卡片格式
题名:
免疫概念新审视
    
 
作者: 兰金初 著
分册:  
出版信息: 北京   中国科学技术出版社  2002
页数: 99页
开本: 20cm
丛书名:
单 册:
中图分类: R593
科图分类:
主题词: 免疫学--图解 , 免疫学
电子资源:
ISBN: 7-5046-2989-8
000 00993nam0 2200265 450
001 LZJ60007
005 20070110162047.26
010    @a7-5046-2989-8@dCNY15.60
092    @aCN@b60007
100    @a20050710d2002 em y0chiy0120 ea
101 0  @achi
102    @aCN@b110000
105    @aa z 000yy
200 1  @a免疫概念新审视@Amian yi gai nian xin shen shi@f兰金初著@Flan jin chu zhu
205    @a3版
210    @a北京@c中国科学技术出版社@d2002
215    @a99页@c照片@d20cm
314    @a兰金初(1952~ ),教授、主任医师,毕业于江西中医学院。现任中国中医药管理局全国专科疾病北京中医治疗中心科主任等,编有《红斑狼沧问题解答》一书。
330    @a本书根基于临实践,更多地从医学哲学的角度阐述了对人体,自然等宏观世界的认识,它既包涵有高深的理念,又包涵有具体指导意义的提示,言简意赅、图文并茂。为中华中医药学会推荐书目
606 0  @a免疫学@j图解
606 0  @a免疫学
690    @aR593@v4
701  0 @a兰金初@Alan jin chu@4著
801  0 @aCN@bLZJBOOK@c20070110
905    @a10447@dR593@e92
    
    免疫概念新审视/兰金初著.-3版.-北京:中国科学技术出版社,2002
    99页:照片;20cm
    
    
    ISBN 7-5046-2989-8:CNY15.60
    本书根基于临实践,更多地从医学哲学的角度阐述了对人体,自然等宏观世界的认识,它既包涵有高深的理念,又包涵有具体指导意义的提示,言简意赅、图文并茂。为中华中医药学会推荐书目
●
相关链接 在E读中查询图书 在五车中查询图书 在当当中查询图书 在豆瓣中查询图书


正题名:免疫概念新审视     索取号:R593/92         预约/预借

序号 登录号 条形码 馆藏地/架位号 状态 备注
1 0556617   205566172   第二样本阅览室/ [索取号:R593/92] 在馆    
2 0556618   205566181   教育系资料室/ [索取号:R593/92] 在馆    
3 0556619   205566190   第三借阅区/ [索取号:R593/92] 在馆    
4 0556620   205566207   第三借阅区/ [索取号:R593/92] 在馆    
5 0556621   205566216   第三借阅区/ [索取号:R593/92] 在馆    
6 0556622   205566225   第三借阅区/ [索取号:R593/92] 在馆    
7 0556623   205566234   教育系资料室/ [索取号:R593/92] 在馆    
8 0556624   205566243   教育系资料室/ [索取号:R593/92] 在馆    
唐山师范学院图书馆 欢迎您!
大连网信软件有限公司© 版权所有